[Event "Euro Online U2300 Day 1"]
[Site "chess.com INT"]
[Date "2020.05.25"]
[Round "7"]
[White "Berin, Artem"]
[Black "Stoinev, Metodi"]
[Result "0-1"]
[WhiteElo "1881"]
[BlackElo "2202"]
[WhiteFideId "14189100"]
[BlackFideId "2901404"]
[EventDate "2020.05.25"]

1. d4 d5 2. c4 c6 3. cxd5 cxd5 4. Nc3 Nf6 5. Bf4 Nc6 6. e3 a6 7. Nf3 e6 8. Ne5
Bd7 9. Be2 Be7 10. O-O O-O 11. Rc1 Nxe5 12. Bxe5 Bc6 13. Na4 Bxa4 14. Qxa4 Rc8
15. b4 Qb6 16. b5 a5 17. Rc2 Rxc2 18. Qxc2 Bd6 19. Bxd6 Qxd6 20. Rc1 Qb4 21. Qc3
Qxc3 22. Rxc3 b6 23. f3 g6 24. Kf2 Rb8 25. a4 Rb7 26. g4 g5 27. Kg3 h6 28. h4
Kf8 29. Rc8+ Kg7 30. Bd3 Nd7 31. e4 Nf6 32. e5 Ng8 33. f4 gxf4+ 34. Kxf4 Ne7 35.
Rd8 Rc7 36. Rd6 Rb7 37. h5 Nc8 38. Rc6 Ne7 39. Rc1 f6 40. exf6+ Kxf6 41. Rc2 Rd7
42. Rc3 Rb7 43. Bc2 Rb8 44. Bb1 Rc8 45. Rxc8 Nxc8 46. Bc2 Nd6 47. Bd3 Nf7 48.
Bg6 e5+ 49. dxe5+ Nxe5 50. Bc2 Nf7 51. Bg6 Ng5 52. Bb1 Ke6 53. Bf5+ Kf6 54. Bb1
Ne6+ 55. Ke3 Ke5 56. Bf5 Ng5 57. Kd3 Nf3 58. Ke3 Nd4 59. Bb1 Ne6 60. Bf5 Nc5 61.
Bc2 d4+ 62. Kf3 Ne6 63. Bf5 Ng5+ 64. Ke2 Nh3 65. Kf3 Nf4 66. Bc2 d3 67. Bd1 Nd5
68. Bb3 Nf6 69. Bd1 Kd4 70. Kf4 Ne4 71. Kf5 Nf2 72. Bb3 Kc3 73. Bd5 Nh3 74. Be4
d2 75. Bf3 Kc2 76. g5 Nxg5 77. Bg4 d1=Q 78. Bxd1+ Kxd1 79. Kg6 Nh3 80. Kxh6 Nf4
81. Kg5 Nxh5 82. Kxh5 Kc2 83. Kg5 Kb3 84. Kf5 Kxa4 85. Ke5 0-1

[Event "Euro Online U2300 Day 1"]
[Site "chess.com INT"]
[Date "2020.05.25"]
[Round "7"]
[White "Kusa, Jakub"]
[Black "Hasanagic, Alim"]
[Result "0-1"]
[BlackTitle "CM"]
[WhiteElo "2177"]
[BlackElo "2225"]
[WhiteFideId "395595"]
[BlackFideId "14605198"]
[EventDate "2020.05.25"]

1. e4 d6 2. d4 Nf6 3. Nc3 e5 4. Nf3 Nbd7 5. Bc4 Be7 6. O-O O-O 7. dxe5 dxe5 8.
Bg5 c6 9. Re1 b5 10. Bb3 Qc7 11. Qe2 Re8 12. Rad1 Nc5 13. Bh4 h6 14. Bg3 Bf8 15.
Bh4 Nh5 16. Bg3 Nxg3 17. hxg3 a5 18. a4 Nxb3 19. cxb3 Ba6 20. Qc2 Qb6 21. Rd7
Qc5 22. Rc1 Rac8 23. Nd1 Qb6 24. Ne3 Red8 25. Rcd1 Rxd7 26. Rxd7 Re8 27. Nf5 Bc8
28. Rd1 Bxf5 29. exf5 e4 30. Nd4 Bc5 31. Ne2 Bxf2+ 32. Kh2 bxa4 33. bxa4 c5 34.
Nf4 Bd4 35. Nd5 Qxb2 36. Qc4 Qb8 37. Rf1 Qd6 38. f6 Bxf6 39. Nxf6+ gxf6 40. Rf4
Qe5 41. Qa6 e3 42. Qe2 h5 43. Rh4 Kg7 44. Rxh5 Qxh5+ 45. Qxh5 Rh8 46. Qxh8+ Kxh8
47. Kg1 c4 48. Kf1 c3 49. Ke2 c2 0-1

[Event "Euro Online U2300 Day 1"]
[Site "chess.com INT"]
[Date "2020.05.25"]
[Round "7"]
[White "Adamczewski, Maciej"]
[Black "Rause, Olita"]
[Result "1-0"]
[BlackTitle "IM"]
[WhiteElo "2045"]
[BlackElo "2192"]
[WhiteFideId "1148702"]
[BlackFideId "11600250"]
[EventDate "2020.05.25"]

1. d4 d5 2. c4 c6 3. Nf3 Nf6 4. Nc3 e6 5. g3 Nbd7 6. Bg2 dxc4 7. a4 Bb4 8. O-O
Nd5 9. Qc2 O-O 10. e4 Nc7 11. Na2 Be7 12. Qxc4 a5 13. Bf4 Na6 14. Rfd1 Nb6 15.
Qb3 Nb4 16. Nxb4 Bxb4 17. Ne5 Bd6 18. Nxf7 Rxf7 19. Bxd6 Qxd6 20. Qxb6 Qf8 21.
f4 Ra6 22. Qc5 Re7 23. Bh3 Bd7 24. Rf1 b6 25. Qd6 Ra7 26. e5 Qe8 27. Bg2 Ra8 28.
Rfc1 Rc8 29. Rc3 c5 30. dxc5 bxc5 31. b3 c4 32. Rac1 cxb3 33. Rxc8 Bxc8 34. Rxc8
Qxc8 35. Qxe7 b2 36. Be4 g6 37. Kg2 Qc4 38. Qd8+ Kg7 39. Qd3 Qxa4 40. h4 Qb4 41.
h5 gxh5 42. Bxh7 Qb7+ 43. Kh2 Qf7 44. Be4 h4 45. Qc2 hxg3+ 46. Kxg3 a4 47. Qxb2
Qa7 48. Qf2 1-0

[Event "Euro Online U2300 Day 1"]
[Site "chess.com INT"]
[Date "2020.05.25"]
[Round "7"]
[White "Vujacic, Igor"]
[Black "Aliyev, Elnur"]
[Result "1-0"]
[WhiteTitle "CM"]
[WhiteElo "2207"]
[BlackElo "2148"]
[WhiteFideId "932620"]
[BlackFideId "13402617"]
[EventDate "2020.05.25"]

1. e4 c5 2. Nf3 Nc6 3. d4 cxd4 4. Nxd4 e5 5. Nb5 d6 6. N1c3 a6 7. Na3 b5 8. Nd5
Nge7 9. c4 Nxd5 10. cxd5 Nd4 11. Bd3 Be7 12. O-O O-O 13. Be3 Bg5 14. Qd2 h6 15.
f4 Bf6 16. Bxd4 exd4 17. Rae1 Re8 18. Nc2 Qb6 19. Qf2 Ra7 20. h3 b4 21. g4 a5
22. e5 dxe5 23. Qxd4 Qxd4+ 24. Nxd4 Ba6 25. Bxa6 Rxa6 26. Nc6 e4 27. Re2 Rb6 28.
Rd1 a4 29. b3 axb3 30. axb3 Bc3 31. Na5 f5 32. Nc4 Rg6 33. d6 fxg4 34. d7 gxh3+
35. Kh2 Rd8 36. Rxe4 Kf7 37. Nd6+ Rxd6 38. Rxd6 g6 39. Kxh3 h5 40. Ree6 Bd2 41.
Rxg6 Bxf4 42. Rdf6+ Ke7 43. Rxf4 Rxd7 44. Rg7+ Ke6 45. Rxd7 Kxd7 46. Rxb4 Kc6
47. Kh4 Kc5 48. Rc4+ Kb5 49. Kxh5 1-0

[Event "Euro Online U2300 Day 1"]
[Site "chess.com INT"]
[Date "2020.05.25"]
[Round "7"]
[White "Potapova, Margarita"]
[Black "Putrenko, Kirill"]
[Result "1-0"]
[WhiteTitle "WIM"]
[WhiteElo "2270"]
[BlackElo "2114"]
[WhiteFideId "14126869"]
[BlackFideId "44148402"]
[EventDate "2020.05.25"]

1. d4 g6 2. e4 Bg7 3. Nc3 c6 4. Nf3 d5 5. h3 Nh6 6. Bd3 O-O 7. O-O f6 8. Ne2 Nf7
9. exd5 cxd5 10. c4 Na6 11. cxd5 Nc7 12. Qb3 b6 13. Nf4 g5 14. Nh5 Ba6 15. Bxa6
Nxa6 16. h4 h6 17. hxg5 hxg5 18. Qd3 f5 19. Nxg7 Kxg7 20. Qxa6 Qxd5 21. Nxg5
Nxg5 22. Bxg5 Rh8 23. Rfe1 Rh5 24. Qe2 Rxg5 25. Qxe7+ Kh6 26. Re6+ Rg6 27. Rxg6+
Kxg6 28. Re1 Rh8 29. Re6+ Kh5 30. Qf7+ Kh4 31. Rh6+ Rxh6 32. Qxd5 f4 33. Qe5 Rg6
34. f3 Rg4 35. fxg4 Kg3 36. g5 a5 37. g6 a4 38. g7 a3 39. g8=Q+ Kh4 40. Qeh8# 1-0

[Event "Euro Online U2300 Day 1"]
[Site "chess.com INT"]
[Date "2020.05.25"]
[Round "7"]
[White "Khojayan, Vardan"]
[Black "Hrabinska, Myroslava"]
[Result "1-0"]
[BlackTitle "WGM"]
[WhiteElo "2266"]
[BlackElo "2235"]
[WhiteFideId "13303520"]
[BlackFideId "14109190"]
[EventDate "2020.05.25"]

1. d4 Nf6 2. Nf3 d5 3. c4 e6 4. Nc3 Be7 5. Bf4 O-O 6. e3 b6 7. cxd5 Nxd5 8. Nxd5
Qxd5 9. a3 c5 10. dxc5 Qxc5 11. Bd3 Rd8 12. Qb1 Ba6 13. Bxa6 Nxa6 14. O-O Bf6
15. Ra2 Qe7 16. b4 Nc7 17. Rc2 Nd5 18. Be5 Rac8 19. Rfc1 Rxc2 20. Qxc2 Bxe5 21.
Nxe5 Qd6 22. Nc6 Rc8 23. e4 Nc7 24. Rd1 Qf8 25. Nxa7 Rd8 26. Nc6 Rxd1+ 27. Qxd1
Nb5 28. Qd3 Nc7 29. Qd7 Na8 30. e5 1-0

[Event "Euro Online U2300 Day 1"]
[Site "chess.com INT"]
[Date "2020.05.25"]
[Round "7"]
[White "Jafarli, Babak"]
[Black "Dorokhin, Mykhailo"]
[Result "1-0"]
[WhiteElo "2020"]
[BlackElo "2299"]
[WhiteFideId "13406019"]
[BlackFideId "14114178"]
[EventDate "2020.05.25"]

1. e4 c6 2. Nc3 d5 3. Nf3 Bg4 4. h3 Bxf3 5. Qxf3 e6 6. d3 Bb4 7. a3 Qa5 8. Bd2
d4 9. Nb1 Bxd2+ 10. Nxd2 Nd7 11. Be2 Ne7 12. b4 Qc7 13. O-O O-O 14. Nb3 e5 15.
g3 c5 16. Qg2 cxb4 17. Bd1 bxa3 18. Rxa3 a5 19. f4 a4 20. Nd2 b5 21. f5 Qc5 22.
Ra2 Nc6 23. Nb1 Nb4 24. Ra3 Rac8 25. Rf2 Qd6 26. g4 f6 27. h4 Kf7 28. g5 Ke7 29.
Ra1 h6 30. gxh6 gxh6 31. Qg7+ Rf7 32. Qxh6 Rg8+ 33. Rg2 Rxg2+ 34. Kxg2 Nf8 35.
h5 Nh7 36. Na3 Qc5 37. Qd2 Rg7+ 38. Kh2 Nc6 39. Qh6 Kf7 40. Qc1 Qc3 41. Be2 Qa5
42. Rb1 b4 43. Nc4 Qa8 44. Nb6 Qg8 45. Qf1 Rg3 46. Qf2 Re3 47. Nd5 Qg5 48. Rg1
Rxe2 49. Qxe2 Qh4+ 50. Kg2 Ng5 51. Rh1 Nh3 52. Rxh3 Qg5+ 53. Rg3 Qc1 54. Qg4
Qd2+ 55. Kh3 Qe1 56. Qg8# 1-0

[Event "Euro Online U2300 Day 1"]
[Site "chess.com INT"]
[Date "2020.05.25"]
[Round "7"]
[White "Sustov, Savva"]
[Black "Frisk, Ellinor"]
[Result "1-0"]
[BlackTitle "WIM"]
[WhiteElo "1710"]
[BlackElo "2176"]
[WhiteFideId "13908715"]
[BlackFideId "1708481"]
[EventDate "2020.05.25"]

1. e4 e6 2. d4 d5 3. e5 c5 4. c3 Nc6 5. Nf3 Bd7 6. a3 Nge7 7. b4 cxd4 8. cxd4
Nf5 9. Bb2 Be7 10. Bd3 O-O 11. Bxf5 exf5 12. O-O Be6 13. Nc3 Kh8 14. Na4 b6 15.
Nc3 Rg8 16. Rc1 Rc8 17. Ne1 g5 18. f4 g4 19. Nc2 Qd7 20. Ne3 Rgd8 21. h3 gxh3
22. gxh3 Rg8+ 23. Kh2 Bh4 24. Ne2 Rg6 25. Ng2 Be7 26. Ne3 Rcg8 27. Qc2 Nd8 28.
Qc7 Qb5 29. Qc2 Bh4 30. Rg1 Bf2 31. Rxg6 Rxg6 32. Nd1 Bh4 33. Ne3 Kg7 34. Rg1
Bf2 35. Rxg6+ hxg6 36. Nc3 Qc4 37. Nxc4 1-0

[Event "Euro Online U2300 Day 1"]
[Site "chess.com INT"]
[Date "2020.05.25"]
[Round "7"]
[White "Abdullayev, Azer"]
[Black "Budrewicz, Krzysztof"]
[Result "0-1"]
[WhiteElo "2039"]
[BlackElo "2227"]
[WhiteFideId "13403400"]
[BlackFideId "1127950"]
[EventDate "2020.05.25"]

1. d4 Nf6 2. c4 g6 3. Nc3 Bg7 4. e4 d6 5. Be2 O-O 6. Nf3 Na6 7. O-O e5 8. Re1 c6
9. h3 Qe7 10. Bf1 Re8 11. Rb1 h6 12. b4 exd4 13. Nxd4 Nxb4 14. Rxb4 c5 15. Rb3
cxd4 16. Qxd4 Be6 17. Qd3 b6 18. Ba3 Red8 19. e5 Nd7 20. exd6 Qh4 21. Nd5 Nc5
22. Bxc5 bxc5 23. Nc7 Bf5 24. Qd5 Bd4 25. g3 Qf6 26. Rf3 Rac8 27. Ne8 Rxe8 28.
d7 Red8 29. dxc8=Q Rxc8 30. g4 Qg5 31. Kh2 Be6 32. Qxg5 hxg5 33. Bd3 Kg7 34. Rb1
Rc6 35. Rb7 Ra6 36. Be4 Bxc4 37. a3 Re6 38. Rfxf7+ Kg8 39. Rfc7 Be5+ 40. Kg2
Bxc7 41. Rxc7 Rxe4 42. Rxc5 Rd4 43. Rxg5 Kf7 44. Rc5 a6 45. Kg3 Bb5 46. f3 Rd3
47. Rc7+ Kf6 48. h4 Rxa3 49. g5+ Ke6 50. Rg7 Bd3 51. Kg4 Bf5+ 52. Kf4 Ra4+ 53.
Kg3 Ra1 54. Rh7 Rh1 55. Rh8 a5 56. Ra8 Ra1 57. Ra6+ Ke5 58. Rf6 a4 59. h5 gxh5
60. f4+ Ke4 61. g6 Rg1+ 62. Kf2 Rxg6 63. Ra6 Rxa6 0-1

[Event "Euro Online U2300 Day 1"]
[Site "chess.com INT"]
[Date "2020.05.25"]
[Round "7"]
[White "Megalios, Konstantinos"]
[Black "Mostbauer, Florian"]
[Result "1/2-1/2"]
[WhiteTitle "IM"]
[BlackTitle "FM"]
[WhiteElo "2401"]
[BlackElo "2309"]
[WhiteFideId "4238044"]
[BlackFideId "1626671"]
[EventDate "2020.05.25"]

1. d4 d5 2. c4 c6 3. cxd5 cxd5 4. Bf4 Nc6 5. e3 Nf6 6. Nc3 a6 7. Bd3 Bg4 8. Nge2
e6 9. Rc1 Be7 10. O-O O-O 11. Na4 Rc8 12. Nc5 Bxc5 13. Rxc5 Qb6 14. f3 Bh5 15.
Qc1 Bg6 16. Bxg6 hxg6 17. Bg3 Nd7 18. Rc2 Rce8 19. a3 f6 20. b4 e5 21. Bf2 a5
22. Nc3 axb4 23. Nxd5 Qa5 24. Nxb4 Nxb4 25. axb4 Qxb4 26. d5 e4 27. Rc4 Qb6 28.
Qb1 exf3 29. gxf3 Qa6 30. Rc7 Ne5 31. Bg3 Rf7 32. Bxe5 Rxe5 33. Rxf7 Kxf7 34.
Qb3 1/2-1/2

[Event "Euro Online U2300 Day 1"]
[Site "chess.com INT"]
[Date "2020.05.25"]
[Round "7"]
[White "Schein, Karl-Heinz"]
[Black "Hewitt, William"]
[Result "0-1"]
[WhiteElo "2187"]
[BlackElo "1997"]
[WhiteFideId "1604988"]
[BlackFideId "1800280"]
[EventDate "2020.05.25"]

1. e4 c6 2. d4 d5 3. exd5 cxd5 4. Bd3 Nc6 5. c3 Qc7 6. h3 Nf6 7. Nf3 g6 8. O-O
Bf5 9. Na3 a6 10. Re1 Bxd3 11. Qxd3 Bg7 12. Nc2 O-O 13. Ne5 Nxe5 14. Rxe5 e6 15.
Re2 Rfe8 16. Bg5 Ne4 17. Bh4 h6 18. f3 Ng3 19. Bxg3 Qxg3 20. Ne3 h5 21. Nf1 Qd6
22. Rae1 b5 23. Qe3 b4 24. Rc2 Rec8 25. Rec1 bxc3 26. Rxc3 Rxc3 27. bxc3 Qb6 28.
g4 hxg4 29. fxg4 Rc8 30. Ng3 Qb2 31. Ne2 a5 32. h4 a4 33. h5 gxh5 34. gxh5 Rc6
35. Rf1 Qc2 36. h6 Qg6+ 37. Ng3 Bxh6 38. Qf3 Bg7 39. Kg2 Rb6 40. Rf2 a3 41. Kh3
Rb2 42. Ne2 Rxa2 43. Rg2 Qh6+ 44. Kg3 Rd2 45. Kf2 a2 46. Rg1 Qh2+ 47. Ke3 Rxe2+
48. Qxe2 Qxg1+ 0-1

[Event "Euro Online U2300 Day 1"]
[Site "chess.com INT"]
[Date "2020.05.25"]
[Round "7"]
[White "Eden, James"]
[Black "Vesselovsky, Serguei"]
[Result "0-1"]
[WhiteTitle "IM"]
[BlackTitle "IM"]
[WhiteElo "2330"]
[BlackElo "2317"]
[WhiteFideId "666491"]
[BlackFideId "313998"]
[EventDate "2020.05.25"]

1. e4 c5 2. Nf3 g6 3. c3 Bg7 4. d4 cxd4 5. cxd4 d5 6. exd5 Nf6 7. Nc3 Nxd5 8.
Bc4 Nxc3 9. bxc3 Qc7 10. Qb3 O-O 11. O-O Nc6 12. Bd3 Be6 13. Qa3 Rac8 14. Bd2
Bd5 15. Ng5 Na5 16. Rfe1 e6 17. Ne4 a6 18. Qb4 h6 19. Nc5 Rfd8 20. Rab1 Bf8 21.
c4 Nxc4 22. Bxc4 Bxc4 23. Qxc4 Bxc5 24. Bxh6 Rxd4 25. Qe2 Rh4 26. Qf3 Qxh2+ 27.
Kf1 Rxh6 28. Rxb7 Rh7 29. Re5 Bd6 30. Rg5 Qh1+ 31. Ke2 Qc1 0-1

[Event "Euro Online U2300 Day 1"]
[Site "chess.com INT"]
[Date "2020.05.25"]
[Round "7"]
[White "Daianu, Cristian-Clement"]
[Black "Ulyankin, Igor"]
[Result "0-1"]
[WhiteTitle "FM"]
[WhiteElo "2224"]
[BlackElo "1936"]
[WhiteFideId "1208926"]
[BlackFideId "24109169"]
[EventDate "2020.05.25"]

1. e4 c5 2. Nf3 Nf6 3. Nc3 d5 4. exd5 Nxd5 5. d4 Nxc3 6. bxc3 e6 7. Bd3 Be7 8.
O-O Nc6 9. Rb1 O-O 10. Re1 Qc7 11. Qe2 b6 12. dxc5 Bxc5 13. Qe4 f5 14. Qh4 h6
15. Bf4 Qe7 16. Qg3 Kh7 17. Rbd1 Rf6 18. Nd4 Nxd4 19. cxd4 Bb4 20. Re3 Bb7 21.
Qh3 Qf7 22. c4 Rd8 23. Be2 Qf8 24. Bh5 Ba6 25. Be5 Bxc4 26. a3 Be7 27. Bxf6 Qxf6
28. Be2 Rxd4 29. Re1 Bd5 30. Bf3 Bc4 31. g3 Bc5 32. Be2 Bd5 33. Bf1 Rd2 34. R3e2
Rxe2 35. Bxe2 Qd4 36. Qf1 Qe4 0-1

[Event "Euro Online U2300 Day 1"]
[Site "chess.com INT"]
[Date "2020.05.25"]
[Round "7"]
[White "Hansch, Karsten"]
[Black "Acs, Gabor"]
[Result "0-1"]
[WhiteTitle "FM"]
[WhiteElo "2300"]
[BlackElo "1977"]
[WhiteFideId "24692239"]
[BlackFideId "719536"]
[EventDate "2020.05.25"]

1. e4 e5 2. Nf3 Nc6 3. Bb5 a6 4. Ba4 d6 5. O-O Bd7 6. Bxc6 Bxc6 7. d4 Be7 8. d5
Bb5 9. Re1 Nf6 10. Nbd2 O-O 11. c4 Bd7 12. b4 c6 13. Nb3 cxd5 14. cxd5 Qb6 15.
a3 Rac8 16. Be3 Qb5 17. Nfd2 Qd3 18. f3 Rc2 19. Na5 Rfc8 20. Nxb7 Ba4 21. Qe2
Qxe2 22. Rxe2 R8c3 23. Kf2 Bb5 24. Ree1 Nh5 25. a4 Bd3 26. b5 axb5 27. axb5 f5
28. exf5 Bxb5 29. Ra8+ Kf7 30. Nd8+ Bxd8 31. Rxd8 Nf4 32. Ra1 Ke7 33. Rb8 Rxe3
34. Ra7+ Kf6 35. Rf8+ Kg5 36. Kxe3 Nxd5+ 37. Kf2 Rxd2+ 38. Kg3 Ne3 39. Rxg7+ Kh6
40. Rgg8 Rxg2+ 41. Kh3 Rxg8 42. Rxg8 Bf1+ 43. Kg3 Nxf5+ 44. Kf2 Bc4 45. Rg4 Be6
46. f4 e4 47. Rg5 d5 48. Ke2 d4 49. Kd2 Nh4 50. Ra5 Nf3+ 51. Ke2 Bc4+ 52. Kf2
Nxh2 53. Ra4 Ng4+ 54. Kg3 Ne3 55. f5 d3 56. f6 d2 57. f7 Bxf7 0-1

[Event "Euro Online U2300 Day 1"]
[Site "chess.com INT"]
[Date "2020.05.25"]
[Round "7"]
[White "Slizunkov, Dmitry"]
[Black "Kalogeris, Ioannis"]
[Result "0-1"]
[BlackTitle "FM"]
[WhiteElo "2120"]
[BlackElo "2312"]
[WhiteFideId "34185949"]
[BlackFideId "4239563"]
[EventDate "2020.05.25"]

1. e4 e5 2. Nf3 Nc6 3. Nc3 Nf6 4. a3 d6 5. d4 exd4 6. Nxd4 Be7 7. Be2 O-O 8. O-O
Re8 9. f4 Bf8 10. Bf3 Nxd4 11. Qxd4 Bg4 12. Bd2 Bxf3 13. Rxf3 c5 14. Qd3 c4 15.
Qxc4 Nxe4 16. Be3 Rc8 17. Qb3 Nxc3 18. bxc3 Qa5 19. Bd4 Re2 20. f5 b6 21. Raf1
Rce8 22. Rg3 Re1 23. Qc4 Qxf5 24. Rf3 Qe6 25. Qc7 Rxf1+ 26. Rxf1 Qe7 27. Qc4 Qd7
28. Qd5 Qe6 29. Qb7 Re7 30. Qb8 Qd7 31. h3 Re8 0-1

[Event "Euro Online U2300 Day 1"]
[Site "chess.com INT"]
[Date "2020.05.25"]
[Round "7"]
[White "Zenuni, Albert"]
[Black "Buehler, Michael"]
[Result "1-0"]
[WhiteElo "1981"]
[BlackElo "2087"]
[WhiteFideId "4702360"]
[BlackFideId "1326490"]
[EventDate "2020.05.25"]

1. e4 e5 2. Nf3 Nc6 3. Bc4 Nf6 4. Nc3 Nxe4 5. Nxe4 d5 6. Bd3 Nb4 7. O-O Nxd3 8.
cxd3 dxe4 9. dxe4 Bd6 10. h3 O-O 11. d3 Bd7 12. Be3 Bc6 13. a3 a5 14. Rc1 f5 15.
exf5 Rxf5 16. Nd2 Qf6 17. Ne4 Qg6 18. f3 Rf7 19. Qb3 Kh8 20. Rf2 Qf5 21. Ng5 Re7
22. Ne4 a4 23. Qc4 Qe6 24. Qc3 Qd5 25. Qc2 Rd7 26. Rd2 h6 27. Rcd1 Qe6 28. Qc3
Rad8 29. Kh1 Be7 30. Re1 Bd6 31. Nf2 Qf5 32. Ne4 Be7 33. Red1 h5 34. Ng3 Qe6 35.
Nxh5 Qg6 36. Qxe5 Bf6 37. Nxf6 gxf6 38. Qc3 Rg8 39. d4 Rh7 40. d5 Bd7 41. Bd4
Rh6 42. Kg1 Bxh3 43. Qc2 Qg3 44. Rf2 Bd7 45. Kf1 Re8 46. Bxf6+ Rxf6 47. Qc3 Kg7
48. f4 Bb5+ 49. Kg1 Rh8 50. Qxg3+ 1-0

[Event "Euro Online U2300 Day 1"]
[Site "chess.com INT"]
[Date "2020.05.25"]
[Round "7"]
[White "Ibrahimli, Murad"]
[Black "Rozgonyi, Aron"]
[Result "1/2-1/2"]
[WhiteTitle "IM"]
[WhiteElo "2436"]
[BlackElo "2117"]
[WhiteFideId "13410229"]
[BlackFideId "706159"]
[EventDate "2020.05.25"]

1. d4 d5 2. c4 c6 3. Nf3 Nf6 4. e3 Bf5 5. Nc3 e6 6. Be2 Bd6 7. Nh4 Bg6 8. Nxg6
hxg6 9. h3 Nbd7 10. Qc2 Qc7 11. Bd2 Rc8 12. b3 g5 13. O-O-O Bb4 14. Kb1 Qa5 15.
Rc1 c5 16. Rhd1 O-O 17. Nb5 cxd4 18. Bxb4 Qxb4 19. Rxd4 e5 20. Rdd1 a6 21. Nc3
dxc4 22. Qb2 cxb3 23. Qxb3 Qxb3+ 24. axb3 Nc5 25. Kb2 Nce4 26. Nxe4 Nxe4 27.
Rxc8 Rxc8 28. f3 Nf6 29. Rd6 Kf8 30. e4 Ke7 31. Rb6 Rc7 32. Rb4 b5 33. Bxb5 axb5
34. Rxb5 Nd7 35. b4 f6 36. Kb3 Kd6 37. Rd5+ Kc6 38. b5+ Kb6 39. Kb4 Kb7 40. g3
Nb6 41. Rd8 Nc4 42. h4 gxh4 43. gxh4 Ne3 44. Ka5 Ng2 45. h5 Ne1 46. Rd6 Nxf3 47.
h6 gxh6 48. Rxf6 Ng5 49. Rb6+ Kc8 50. Rxh6 Nxe4 51. Re6 Nd2 52. b6 Rc1 53. Kb5
Nf3 54. Re8+ Kb7 55. Rh8 e4 56. Rh7+ Kb8 57. Ka6 Ra1+ 58. Kb5 Rb1+ 59. Ka6 Ra1+
60. Kb5 Rb1+ 61. Ka6 Rc1 62. Rb7+ Kc8 63. Rh7 Kb8 64. Rh8+ Rc8 65. Rxc8+ Kxc8
66. Ka7 Kd7 67. b7 Nd4 68. b8=N+ Kd6 69. Na6 e3 70. Nb4 e2 71. Nd3 Kd5 72. Nf4+
Ke4 73. Nxe2 1/2-1/2

[Event "Euro Online U2300 Day 1"]
[Site "chess.com INT"]
[Date "2020.05.25"]
[Round "7"]
[White "Halmeenmaki, Tuomo"]
[Black "Pavlidis, Anastasios"]
[Result "0-1"]
[BlackTitle "IM"]
[WhiteElo "2132"]
[BlackElo "2333"]
[WhiteFideId "502774"]
[BlackFideId "4208404"]
[EventDate "2020.05.25"]

1. b3 Nf6 2. Bb2 d5 3. e3 Nbd7 4. f4 c5 5. Nf3 e6 6. Be2 Be7 7. O-O O-O 8. Qe1
Ne8 9. d3 Bf6 10. Ne5 Qc7 11. Qg3 Nd6 12. Bg4 b5 13. Nd2 c4 14. Bd4 Bxe5 15.
fxe5 Ne8 16. Rac1 Nb6 17. Nf3 f5 18. Bh5 g6 19. Ng5 Qg7 20. Be2 h6 21. Nf3 Ba6
22. Bc5 Rf7 23. Nd4 Nc7 24. Bd6 Re8 25. b4 Nc8 26. Bc5 Bb7 27. Nf3 Na6 28. d4 g5
29. c3 Bc6 30. Bd1 Nb6 31. Bc2 Nd7 32. Ra1 g4 33. Nh4 Naxc5 34. bxc5 a5 35. Rfb1
Rb8 36. a3 Qg5 37. Qf2 Nf8 38. g3 h5 39. Ng2 Ng6 40. Nf4 Nxf4 41. Qxf4 Qxf4 42.
exf4 Rfb7 43. Kf2 Kf7 44. Ke3 Ke8 45. Rb2 b4 46. axb4 axb4 47. cxb4 Rxb4 48.
Rxb4 Rxb4 49. Ra6 Kd7 50. Ra7+ Kc8 51. Rh7 Rb2 52. Bd1 c3 53. Rxh5 Rd2 54. Bb3
Bb5 55. Rh7 Re2# 0-1

[Event "Euro Online U2300 Day 1"]
[Site "chess.com INT"]
[Date "2020.05.25"]
[Round "7"]
[White "Roque, Gaetan"]
[Black "Labiano Hernandez, Juan"]
[Result "1/2-1/2"]
[WhiteElo "2128"]
[BlackElo "2158"]
[WhiteFideId "20666934"]
[BlackFideId "24556840"]
[EventDate "2020.05.25"]

1. d4 Nf6 2. c4 e6 3. Nf3 d5 4. Nc3 Bb4 5. e3 O-O 6. Bd3 Re8 7. O-O dxc4 8. Bxc4
a6 9. Qe2 Nc6 10. Rd1 Bxc3 11. bxc3 Qe7 12. a4 Ne4 13. Ba3 Nd6 14. Bd3 e5 15.
dxe5 Nxe5 16. Nxe5 Qxe5 17. c4 Bf5 18. Bxd6 cxd6 19. Bxf5 Qxf5 20. Rxd6 Rac8 21.
Rad1 h6 22. h3 Qe4 23. R1d4 Qb1+ 24. Kh2 Qb4 25. Rd7 b6 26. Qf3 Re7 27. Qb7 Rce8
28. Qxa6 Re6 29. Qb7 Rf6 30. Rd8 Rxd8 31. Rxd8+ Kh7 32. Qe4+ g6 33. Qe5 Kg7 34.
Rd4 g5 35. h4 Kg6 36. hxg5 hxg5 37. Rd8 Qxc4 38. Rg8+ Kh7 39. Qxf6 Qh4+ 40. Kg1
Kxg8 41. Qd8+ Kh7 42. Qf6 Kg8 43. Qxb6 Qxa4 44. Qd8+ Kh7 45. Qxg5 Qd1+ 46. Kh2
Qd6+ 47. Qg3 Qd5 48. f3 Qc5 49. Qh4+ Kg8 50. Qd8+ Kh7 51. Qd4 Qh5+ 52. Kg3 Qg5+
53. Qg4 Qxe3 54. Qe4+ Qxe4 55. fxe4 Kg6 56. Kf4 Kf6 57. g4 Ke6 58. g5 Kd6 59.
Kf5 Ke7 60. e5 Ke8 61. Kf6 Kf8 62. Kf5 Kg7 63. Kf4 Kg6 64. Kg4 Kg7 65. Kh5 Kh7
66. Kg4 Kg6 67. Kf4 Kg7 68. Kf5 Kg8 69. Ke4 Kg7 70. Kf5 Kg8 71. Kf6 Kf8 72. e6
fxe6 73. g6 e5 74. Kxe5 Kg7 75. Kf5 Kg8 76. Kg5 Kg7 77. Kh5 Kg8 78. Kh6 Kh8 79.
g7+ Kg8 80. Kg6 1/2-1/2

[Event "Euro Online U2300 Day 1"]
[Site "chess.com INT"]
[Date "2020.05.25"]
[Round "7"]
[White "Gardet, Thomas"]
[Black "Finek, Vaclav"]
[Result "0-1"]
[BlackTitle "FM"]
[WhiteElo "2023"]
[BlackElo "2203"]
[WhiteFideId "26088045"]
[BlackFideId "23718293"]
[EventDate "2020.05.25"]

1. e4 Nf6 2. e5 Nd5 3. d4 d6 4. Nf3 dxe5 5. Nxe5 c6 6. Bc4 Nd7 7. Nf3 N7f6 8. h3
Bf5 9. Nh4 Bg6 10. O-O e6 11. Re1 Bd6 12. Bb3 O-O 13. Bg5 b5 14. Nd2 Qd7 15. c4
Nb4 16. Bxf6 gxf6 17. Ne4 Bxe4 18. Rxe4 f5 19. Re1 bxc4 20. Bxc4 Nd5 21. Nf3
Rab8 22. Ne5 Bxe5 23. dxe5 Rxb2 24. Qc1 Rfb8 25. Qg5+ Kf8 26. Rad1 a5 27. Qh6+
Ke8 28. Qxh7 Qe7 29. Bb3 Qc5 30. Rf1 Qf8 31. h4 Rb4 32. Rc1 Kd7 33. h5 Nf4 34.
Rcd1+ Kc7 35. g3 Nh3+ 36. Kg2 Ng5 37. Rd6 Nxh7 38. Rc1 Qe8 39. Bd1 Rb6 40. Bf3
Ng5 41. h6 Nxf3 42. Kxf3 Qg8 43. Rcd1 Qg4+ 44. Kg2 Qe4+ 45. Kh2 Rb8 46. Rd7+ Kb6
47. Rxf7 Rh8 48. h7 Rxf2+ 49. Kh3 Qg4# 0-1